| 000 | 00345nam a2200133Ia 4500 | ||
|---|---|---|---|
| 005 | 20251222144705.0 | ||
| 008 | 251222s9999||||xx |||||||||||||| ||spa|| | ||
| 020 | _a987-9156-92-7 | ||
| 082 | _a658.401.3/W78 | ||
| 100 | _aWolinsky, Jaime I. | ||
| 245 | 0 | _aManual de AuditorÃa para Gestión de Negocios | |
| 264 | _bOsmar Buyatti | ||
| 942 | _cLIB | ||
| 999 |
_c17593 _d17593 |
||